Sports Quiz

Random Sports or NBA Quiz

NBA All-Stars Who Weren't 1st Round Picks Quiz Stats

 Plays Quiz Updated Oct 3, 2018

Score 0/22 Timer 04:00
1 Play Today
Draft Year Player % Correct
2012Draymond Green
83.1%
2014Nikola Jokić
72.2%
2011Isaiah Thomas
59.6%
2012Khris Middleton
54.1%
1996*Ben Wallace
49.9%
2008 DeAndre Jordan
47.7%
1999Manu Ginobili
45%
2000Michael Redd
42.2%
2002Carlos Boozer
40.5%
2001Gilbert Arenas
38.1%
2003Mo Williams
36.4%
Draft Year Player % Correct
2007Marc Gasol
35.8%
1998*Brad Miller
31.6%
1990Antonio Davis
22.7%
2003Kyle Korver
21.6%
2001Mehmet Okur
20.3%
1998Rashard Lewis
19.8%
2006Paul Millsap
18%
1989Clifford Robinson
17.7%
1993Nick Van Exel
13.2%
1990Cedric Ceballos
8%
2008Goran Dragić
5.3%

You're not logged in!

Compare scores with friends on all Sporcle quizzes.
OR
Log In

Sporcle TV

Today on Sporcle TV


Watch our educational content, quiz creation guides, and fun videos on Sporcle TV.

Show Comments

Extras

Top Quizzes Today


Score Distribution

Your Account Isn't Verified!

In order to create a playlist on Sporcle, you need to verify the email address you used during registration. Go to your Sporcle Settings to finish the process.

Report this User

Report this user for behavior that violates our Community Guidelines.

Details: